000 00737pam a2200193 a 4500
999 _c1586
_d1586
020 _a025617217X (alk. paper)
020 _a0256172668 (student's ed. : alk. paper)
020 _a0071152261 (International ed. : alk. paper)
050 0 0 _aHB172.5
_b.C638
100 1 _aColander, David C.
245 1 0 _aMacroeconomics /
_cDavid C. Colander.
250 _a3rd ed.
260 _aBoston, Mass. :
_bIrwin/McGraw-Hill,
_cc1998.
300 _a1 v. (various pagings) :
_bill. (some col.), col. maps ;
_c28 cm.
500 _aIncludes index.
505 _aPart i. Thanking like an economist Part ii. Macroeconomics Part iii. Traditional Macro Policy Debates Part iv. Structural Macro Policy Debate
650 0 _aMacroeconomics.
942 _cBK